The straburg case law: Leading cases from the European human rights reports. / (Record no. 4719)
[ view plain ]
| 000 -LEADER | |
|---|---|
| fixed length control field | 01162nam a22001697a 4500 |
| 008 - FIXED-LENGTH DATA ELEMENTS--GENERAL INFORMATION | |
| fixed length control field | 140911b xxu||||| |||| 00| 0 eng d |
| 020 ## - INTERNATIONAL STANDARD BOOK NUMBER | |
| International Standard Book Number | 0421742402 |
| 050 ## - LIBRARY OF CONGRESS CALL NUMBER | |
| Classification number | KJC5132.A54 |
| 100 ## - MAIN ENTRY--PERSONAL NAME | |
| Personal name | Gordon, Richard. |
| 245 ## - TITLE STATEMENT | |
| Title | The straburg case law: Leading cases from the European human rights reports. / |
| Statement of responsibility, etc. | Richard Gordon. |
| 300 ## - PHYSICAL DESCRIPTION | |
| Extent | lii,1572p.: |
| Dimensions | 25cm. |
| 500 ## - GENERAL NOTE | |
| General note | Includes index. |
| 505 ## - FORMATTED CONTENTS NOTE | |
| Formatted contents note | Contents: Convention concepts -- Convention articles, with commentary and cases extracts: Obligation to respect human rights -- The right to life -- Torture, inhuman or degrading treatment -- Prohibition on slavery and forced labour -- The right to liberty and security of the person -- Right to fair trial -- Prohibition of retrospective criminal offences or imposition of heavier penalties -- Freedom of thought, conscience and religion -- Freedom of expression -- Freedom of assembly and association -- Right to marry -- Right to an effective remedy -- Prohibition on discrimination -- Miscellaneous provisions -- Right to property -- The right to education -- The right to free elections. |
| 700 ## - ADDED ENTRY--PERSONAL NAME | |
| Personal name | Ward, Tim. |
| 700 ## - ADDED ENTRY--PERSONAL NAME | |
| Personal name | Eicke, Tim. |
| 942 ## - ADDED ENTRY ELEMENTS (KOHA) | |
| Source of classification or shelving scheme | Library of Congress Classification |
| Koha item type | Books |
| Withdrawn status | Lost status | Source of classification or shelving scheme | Damaged status | Not for loan | Home library | Current library | Shelving location | Date acquired | Total Checkouts | Full call number | Barcode | Date last seen | Copy number | Price effective from | Koha item type |
|---|---|---|---|---|---|---|---|---|---|---|---|---|---|---|---|
| Library of Congress Classification | WISCONSIN INTERNATIONAL UNIVERSITY COLLEGE, GHANA - MAIN LIBRARY | WISCONSIN INTERNATIONAL UNIVERSITY COLLEGE, GHANA - MAIN LIBRARY | Law Library | 11/09/2014 | KJC5132.A54 | 0200/13 | 11/09/2014 | 1 | 11/09/2014 | Books | |||||
| Library of Congress Classification | WISCONSIN INTERNATIONAL UNIVERSITY COLLEGE, GHANA - MAIN LIBRARY | WISCONSIN INTERNATIONAL UNIVERSITY COLLEGE, GHANA - MAIN LIBRARY | Law Library | 11/09/2014 | KJC5132.A541 | 0201/13 | 11/09/2014 | 2 | 11/09/2014 | Books |
